000 00549nam a2200205Ia 4500
005 20250508165132.0
008 008 250505s9999 xx 000 0 eng d
020 _a978-81-89524-61-6
037 _aTextual
040 _aFEDL
_beng
_cFEDL
041 _aeng
_2eng
084 _a910, SUB
_qFEDL
100 _aSubbarao B
_9301212
245 0 _aRegions and regionalism in India
260 _aNew Delhi, India
_bCritical Quest
_c2011
300 _a39p.
365 _aINR
_b30
942 _cTEXL
_h910, SUB
999 _c1393352
_d1393352